000 01346cam a2200373Ia 4500
001 54416
005 20230410121130.0
008 060714s2005 dcub i000 0 spa d
035 _a(OCoLC)ocm70349274
040 _aBID
_cBID
_dPIT
_dUBA
020 _a1597820156
020 _a9781597820158
035 _a(OCoLC)70349274
043 _acl-----
050 1 4 _aJS 2061
_bG574 2005
245 0 0 _aGobernar las metrópolis /
_cEduardo Rojas, Juan R. Cuadrado-Roura, José Miguel Fernández Guell, editores.
260 _aWashington, DC :
_bBanco Interamericano de Desarrollo,
_cc2005.
300 _a555 p. :
_bill. ;
_c24 cm.
500 _aAt head of title:Banco Interamericano de Desarrollo, Universidad de Alcalá de Henares
504 _aIncludes bibliographical references.
650 0 _aMetropolitan government
_zLatin America.
650 0 _aRegional planning
_zLatin America.
650 7 _aAreas metropolitanas (administracao)
_2larpcal
650 7 _aComunidade urbana.
_2larpcal
650 7 _aAdministracao regional.
_2larpcal
650 7 _aUrbanizacao.
_2larpcal
700 1 _aRojas, Eduardo.
700 1 _aCuadrado Roura, Juan R.
700 1 _aFernandez Guell, Jose Miguel,
_d1954-
710 2 _aInter-American Development Bank.
710 2 _aUniversidad de Alcalá de Henares.
942 _2lcc
_cbk
994 _aC0
_bDRFGD
999 _c58599
_d58599